000 01577nam a2200337 c 4500
999 _c343031
_d343031
003 BLK
005 20240316005344.0
008 180911b bul|||||r ||||||| ||bul||
010 _a002692
040 _aBLK
041 _aBUL
_cBUL
080 _aСборник
_x92
_z886.7(092)92
100 1 _aЦАНКОВ-ДЕРИЖАН, Христо
_eпърви автор
_9398597
245 0 0 _aМои познайници
246 _aХр. Ботйов, Ив. Вазов, Ст. Михайловски, П. Славейков, К. Христов, П. Тодоров, П. К. Яворов, Ц. Церковски, А. Карима, д. Бояджиев, Вен Тин, Д. Бабев, Дора Г., Л. Стоянов, М. Неволин, Н. В. Ракитин
260 _aСофия
_bСърп
_c1920
_fПобеда
300 _a240 с
_bс ил.
_c18 см
380 _a82
490 _aЧастна колекция - Академик Михаил Арнаудов
_gДарение - Основен фонд
500 _aАвтограф с текст: На любезния д-р Мих. Арнаудов. Авторът. 12. II 920 г.
650 4 _aбългарски биографии
_9398598
650 0 _aСборници
_9396392
650 _aКритика
_9159735
655 _aбългарско литературознание
_9396216
700 1 _aХараламби К. Тачев
_eХудож.
_9398599
852 _aМА 1921
_bМА
942 _cKNG
_n0
_s1
944 _aCR
_c1996
_k
_lCRON CRON
999 _d343031
999 _d343031